000 00326nam a2200133Ia 4500
003 OSt
005 20230727110739.0
008 170524s9999 xx 000 0 und d
040 _cIIMT UNIVERSITY
100 _aRAO- TV
245 0 _a360 DEGREE FEEDBACK AND PERFORMANCE MANNUAL SYSTEM
260 _bEXCEL BOOKS
942 _2ddc
_c02
999 _c8245
_d8245